|
|
|
|
| LEADER |
02420nem a22004812a 4500 |
| 001 |
mzk03000907279 |
| 003 |
CZ BrMZK |
| 005 |
20120223164046.0 |
| 007 |
aj|ca||| |
| 008 |
050412s1731 gw i||||||a|||r|0|||latod |
| 034 |
1 |
|
|a a
|b 65000
|d E0150959
|e E0182105
|f N0502559
|g N0481826
|
| 040 |
|
|
|a BOA001
|b cze
|
| 043 |
|
|
|a e-xr---
|b e-xr-mr
|b e-xr-jm
|2 czenas
|
| 072 |
|
7 |
|a 912:904
|x Staré mapy
|2 Konspekt
|9 7
|
| 080 |
|
|
|a (084.1)
|2 MRF
|
| 080 |
|
|
|a (084.3)
|2 MRF
|
| 080 |
|
|
|a (437.32)
|2 MRF
|
| 080 |
|
|
|a (437.322)
|2 MRF
|
| 080 |
|
|
|a 912.43:069.5
|2 MRF
|
| 100 |
1 |
|
|a Seutter, Matthäus,
|d 1678-1757
|7 mzk2006356135
|4 aut
|
| 245 |
1 |
0 |
|a Moravia Marchionatus in sex Circulos divisus juxta recentissimam dimensionem et accuratissimas Observationes
|h [kartografický dokument] /
|c aeri incisus et venum expositus Matth. Seutter S.C.M.G. Augustano. Cum Gratia et Privil. S. R. I. Vicariatus, in partibus Rheni, Sveviae, et Juris Franconici
|
| 255 |
|
|
|a Měřítko [ca 1:650 000]. 12,7 cm = 7 Milliarium Moravicorum
|c (015°09´59" v.d.--018°21´05" v.d./050°25´59" s.š.--048°18´26" s.š.)
|
| 260 |
|
|
|a [Augsburg] :
|b venum expositus Matth. Seutter S.C.M.G. Augustano,
|c [1731]
|
| 300 |
|
|
|a 1 mapa :
|b mědirytina, ručně kolorovaná ;
|c 47,2 x 55,6 cm na listu 52 x 61,5 cm
|
| 500 |
|
|
|a Výzdoba: V levém horním rohu názvová kartuš se znakem a alegorickou figurální výzdobou, v pravém horním rohu vysvětlivky, v levém dolním rohu veduta Brna s grafickým měřítkem, v mapovém rámci geografické souřadnice, souřadnicová síť
|
| 510 |
4 |
|
|a Kuchař, K. Mapová sbírka B.P. Molla,
|c s. 235
|
| 510 |
4 |
|
|a Podloucký, J. Müllerova mapa Moravy. Brno, 1937
|
| 510 |
4 |
|
|a Roubík, F. Soupis map českých zemí,
|c II., č. 1436
|
| 655 |
|
7 |
|a historické mapy
|7 fd186723
|2 czenas
|
| 655 |
|
7 |
|a veduty
|7 fd133805
|2 czenas
|
| 650 |
0 |
4 |
|a Mollova mapová sbírka
|
| 650 |
0 |
7 |
|a mapové sbírky
|z Česko
|7 ph182407
|2 czenas
|
| 610 |
2 |
7 |
|a Moravská zemská knihovna (Brno, Česko).
|b Mapová sbírka B.P. Molla
|7 mzk2005304487
|2 czenas
|
| 651 |
|
7 |
|a Morava (Česko)
|7 ge130070
|2 czenas
|
| 651 |
|
7 |
|a Brno (Česko)
|7 ge134084
|2 czenas
|
| 856 |
4 |
1 |
|u http://mapy.mzk.cz/mzk03/000/907/279/2619267636
|y Digitalizovaný dokument
|
| 903 |
|
|
|a RP
|
| 910 |
|
|
|a BOA001
|b Moll-0001.770
|
| 978 |
|
|
|b Seutter, Matthäus
|a Augsburg
|c 1731
|
| 984 |
|
|
|a Augsburg
|b Německo
|
| 985 |
|
|
|a 1701-1750
|
| 990 |
|
|
|a MP
|
| 991 |
|
|
|k mzk
|